000 02299ncm0a22004211 4500
001 RU\NLR\ONIZ\219333
005 20250626085049.0
010 _a978-5-9926-0984-4
010 _z978-5-9926-0985-1(ч.1)
021 _aRU
_b17-223н
_917-14н
035 _aRU\NLR\ONIZ\Таня\5000005323\20170820124547
035 _a(NLR Aleph) 011534910
090 _a12164001
_c12164001
100 _a20170820d2017 |||y0rusy50 ca
101 0 _arus
102 _aRU
125 _abx
145 0 _ab
200 1 _aПьесы из "Детского альбома" П. И. Чайковского
_bНоты
_eперелож. для шк. орк.
_eучеб.-метод. пособие
_eв 3 ч.
_hЧ. 2
_fИ. Г. Лаптев
208 _a[Партитура]
210 _aАстрахань
_cАстраханский университет
_d2017
215 _a62 с.
_cпортр.
_d20 см
300 _aМетод. указ.: с. 3-13
313 _aСистематизация документа проведена по изданию - Методика классифицирования музыкальных произведений (нотных изданий) по таблицам Библиотечно-библиографических классификаций : метод. рекомендации / Гос. б-ка СССР им. В.И. Ленина.- М., 1977. Индексу ББК методических рекомендаций присваивается код ББК для научных библиотек - LBC/SL
606 1 _aПереложения для школьного оркестра
_yРоссия
_zXIX век
_jНоты
_2nlr_sh
686 _aЩ985.10-095-054(28)П
_vLBC/SL
_2rubbk
700 1 _9z01790
_aЛаптев
_bИ. Г.
_f1940-
_gИван Григорьевич
_4230
702 1 _9z02790
_aЧайковский
_bП. И.
_f1840-1893
_gПетр Ильич
_4230
790 1 _9z01700
_aLaptev
_bI. G.
_f1940-
_gIvan Grigoryevich
_4230
790 1 _9z02702
_aChajkovskij
_bP. I.
_f1840-1893
_gPyotr Il`ich
_4230
801 0 _aRU
_bNLR
_c20170820
_gPSBO
801 1 _aRU
_bNLR
_c20170820
_2rusmarc
801 2 _aRU
_bNLR
_c20170820
852 _aNLR
_bМ
_jК-2/4816(2)
_pМОЭ 2017-14н/223н (2 экз.)
_t1
942 _cSCORE
980 _aNB
980 _aONIZ